|
|
|
|
| LEADER |
00000nam a2200000 4500 |
| 001 |
vtls012070400 |
| 003 |
SK-MaSNL |
| 005 |
20260302061831.0 |
| 008 |
230421s1796 xo 0 0n0 lat |
| 015 |
|
|
|a SNBHFA
|
| 035 |
|
|
|a urn:nbn:sk:snk-am00ibfb
|
| 035 |
|
|
|a 4DA77231-3F40-4B6D-96FD-62239F5C4F99
|
| 040 |
|
|
|a SNKHFA
|b slo
|c SNKHFA
|e rda
|
| 041 |
0 |
|
|a lat
|
| 044 |
|
|
|a xo
|c SK
|
| 072 |
|
7 |
|a 808
|x Literárny štýl. Literárna činnosť a technika. Efektívne využívanie jazyka. Spisovateľská činnosť
|2 konspekt
|
| 080 |
|
|
|a 808.5-051
|2 2011
|
| 130 |
0 |
|
|a Gaudium
|9 371349
|
| 245 |
1 |
0 |
|a Gaudium Comitatus Scepusiensis Dum Excellentissimus, Ac Illustrissimus Dominus Comes Josephus Csáky DD Keresztszegh &c. &c. Officium Supremi Comitis Adiret Mense Majo Anno 1796.
|
| 264 |
|
3 |
|a Leutschoviae
|b Typis Michaelis Podhoránszki, De Eadem
|c 1796
|
| 300 |
|
|
|a 7 nečíslovaných strán
|c 21 cm
|
| 336 |
|
|
|a text
|b txt
|2 rdacontent
|
| 337 |
|
|
|a bez média
|b n
|2 rdamedia
|
| 338 |
|
|
|a zväzok
|b nc
|2 rdacarrier
|
| 501 |
|
|
|a Príväzok 4. k: TERTINA, Michal. Festivum Syncharma, Quod Tribus Successive Splendidissimis Dignitatibus... Cassoviae: Ex Typographia Ellingeriana, 1801.
|5 SNK SC 34994/1-34
|
| 600 |
1 |
4 |
|a Csáky, Josephus
|9 721102
|
| 650 |
0 |
7 |
|a poézia
|2 SNKPH
|9 1274
|
| 655 |
|
7 |
|a príležitostné tlače
|2 SNKPH
|9 281484
|
| 700 |
1 |
|
|a Podhoranský, Michal,
|d zomrel po 1824
|4 prt
|9 206931
|
| 752 |
|
|
|a Slovensko
|d Levoča
|
| 852 |
|
|
|a Slovenská národná knižnica
|b Historické fondy
|
| 852 |
|
|
|a snk
|p SC 34994/1-34/prív.4
|
| 958 |
|
|
|a DD
|
| 958 |
|
|
|a ONDV
|
| 999 |
|
|
|c 1126978
|d 1128908
|
| 952 |
|
|
|a SNK
|b SNK
|y PREZ
|7 0
|p 17A1398034
|o snkSC 34994/1-34/prív.4
|i snkF 263/75
|8 5
|0 0
|1 0
|4 0
|d 2021-09-24
|f 1
|l 0
|r 2025-10-03 00:00:00
|w 2026-02-24
|